| 000 | 00000cam 2200000zi 4500 |
| 001 | 9.919910 |
| 003 | CaOODSP |
| 005 | 20260505143518 |
| 006 | m o d f |
| 007 | cr ||||||||||| |
| 008 | 230208t20232023onc o f000 0 fre d |
| 020 | |a9780660474977 |
| 040 | |aCaOODSP|bfre|erda|cCaOODSP |
| 043 | |an-cn--- |
| 086 | 1 |aPS4-69/2023F-PDF |
| 245 | 04|aLes victimes d'actes criminels se tiennent au courant. |
| 264 | 1|a[Ottawa] : |bSécurité publique Canada = Public Safety Canada, |c[2023] |
| 264 | 4|c©2023 |
| 300 | |a1 ressource en ligne (30 pages) |
| 336 | |atexte|btxt|2rdacontent/fre |
| 337 | |ainformatique|bc|2rdamedia/fre |
| 338 | |aressource en ligne|bcr|2rdacarrier/fre |
| 500 | |aTitre de la couverture. |
| 500 | |aPublié aussi en anglais sous le titre : Victims of crime : staying informed. |
| 650 | 6|aVictimes d'actes criminels|xDroit|zCanada. |
| 650 | 6|aVictimes d'actes criminels|xDroits|zCanada. |
| 650 | 6|aVictimes d'actes criminels|xServices|zCanada. |
| 710 | 1 |aCanada. |bSécurité publique Canada, |eorganisme de publication. |
| 775 | 08|tVictims of crime : |w(CaOODSP)9.919908 |
| 775 | 08|tGaa-giimaanzhidoodawindwaa - ji-wiindamaagooyin.|w(CaOODSP)9.919914 |
| 775 | 08|tAmsalalulg oplategan - wejig'gitun.|w(CaOODSP)9.919916 |
| 775 | 08|tNitshenat ka matshitutuakanit ui tshissiltamuet.|w(CaOODSP)9.919919 |
| 775 | 08|t[Les victimes d'actes criminels se tiennent au courant].|w(CaOODSP)9.919922 |
| 775 | 08|tDëne ɂesólyá dëne t’ąt’u ɂası henerénı̨.|w(CaOODSP)9.919926 |
| 775 | 08|tKa-Pacitotâcik Ôki : |w(CaOODSP)9.919930 |
| 775 | 08|tKahmuchi doodawakanooj mama-niiwin ning- kahpimih wiinjiikatehk.|w(CaOODSP)9.920150 |
| 775 | 08|tAniki ka ki macihihiwakaniwitcik kata nosanehamok kitci tipatcimotcik minawa.|w(CaOODSP)9.936777 |
| 775 | 08|t[Les victimes d'actes criminels se tiennent au courant].|w(CaOODSP)9.954391 |
| 775 | 08|t[Les victimes d'actes criminels se tiennent au courant].|w(CaOODSP)9.954422 |
| 775 | 08|t[Les victimes d'actes criminels se tiennent au courant].|w(CaOODSP)9.954424 |
| 775 | 08|t[Les victimes d'actes criminels se tiennent au courant].|w(CaOODSP)9.954543 |
| 775 | 08|t[Les victimes d'actes criminels se tiennent au courant].|w(CaOODSP)9.954546 |
| 775 | 08|t[Les victimes d'actes criminels se tiennent au courant].|w(CaOODSP)9.954553 |
| 775 | 08|t[Les victimes d'actes criminels se tiennent au courant].|w(CaOODSP)9.954556 |
| 775 | 08|t[Les victimes d'actes criminels se tiennent au courant].|w(CaOODSP)9.954558 |
| 775 | 08|t[Les victimes d'actes criminels se tiennent au courant].|w(CaOODSP)9.954560 |
| 775 | 08|t[Les victimes d'actes criminels se tiennent au courant].|w(CaOODSP)9.954602 |
| 775 | 08|t[Les victimes d'actes criminels se tiennent au courant].|w(CaOODSP)9.954604 |
| 776 | 0#|tLes victimes d'actes criminels se tiennent au courant. |w(CaOODSP)9.919911 |
| 794 | |tLes victimes d'actes criminels se tiennent au courant. |w(CaOODSP)9.962567 |
| 795 | |tLes victimes d'actes criminels se tiennent au courant. |w(CaOODSP)9.891663 |
| 856 | 40|qPDF|s325 Ko|uhttps://publications.gc.ca/collections/collection_2024/sp-ps/PS4-69-2023-fra.pdf |